Statistiques concernant Vainqueurs des Cinq et Six Nations.

Cliquez ici pour prendre le quiz!

Statistiques générales

  • Ce quiz a été pris 152 fois
  • Le résultat moyen est 6 sur 6

Statistiques - réponses

VictoiresGrand ChelemParticipationDernière victoireNation% Correct
39131262020Angleterre
99%
2610932022France
99%
2231281999Écosse
98%
2441282024Irlande
98%
--24-Italie
97%
39121282021Pays de Galles
97%

Distribution des résultats

Percentile par nombre de réponses

% des personnes avec chaque résultat

Votre développement - résultats

Vous n’avez pas pris ce quiz